000 03533nam a22004937a 4500
001 B-265819-838
003 dpl
005 20080716143825.0
008 080530t xxu||||| |||| 00| 0 eng d
010 _aB-265819-838
020 _a034089315X
_c60.00
035 _aB-265819-838
040 _aDPL
_bEN
082 _aS
100 _aBlyton, Enid
245 _aSecret seven mystery /
_cby Enid Blyton
260 _aLondon
_bHodder Headline
_c2004
270 _bLondon
_a338 Husdon Road,
300 _a122p.
_c18 cm (Hb)
490 _aThe secret seven 9
942 _2ddc
_cCH
_hS
_mBLY
999 _c13171
_d13171